[Event "II TORNEIO INTERNO CXG 2026"]
[Site "Av. Churchill, 109 sl 101 - C"]
[Date "2026.05.07"]
[Round "4.5"]
[White "Klebson, Rodrigues Dos Reis"]
[Black "Sirlei, Pereira Azevedo"]
[Result "0-1"]
[WhiteElo "1800"]
[BlackElo "1956"]
[Annotator "Chessbase-Stockfish 18"]
[PlyCount "70"]
[EventDate "2026.??.??"]

{[%evp 0,70,25,-5,19,12,33,-55,16,-29,4,-29,-34,-30,-28,-37,-35,-78,-65,-59,-53,-71,-30,-61,-37,-44,38,-16,34,30,44,10,10,-11,69,76,209,207,223,153,191,172,190,151,178,92,142,139,191,200,200,214,227,132,126,116,164,151,151,115,131,138,163,130,1318,215,1397,1543,1596,670,1934,-29997,-29998]} 1. h4 c5 2. Nc3 Nf6 3. d3 $6 {Inaccuracy. e4 was best.} (3. e4 Nc6 4. Bb5 Nd4 5. e5 Ng8 6. Nf3 a6 7. Bd3 d6) 3... d6 4. Bg5 e6 {[%cal Be7e6,Be6e5]} 5. Qd2 Be7 (5... d5 $1 $17) 6. O-O-O (6. e3 $15 {was preferrable.}) 6... Nc6 {[%cal Bb7b5]} 7. Kb1 (7. Nf3 $15) 7... h6 (7... b5 $17) 8. Bf4 $2 {Mistake. Bxf6 was best.} (8. Bxf6 Bxf6 9. g3 (9. g4 b5 10. Bg2 Bb7 11. f4 b4 12. Ne4 Be7 13. f5 Qb6)) 8... e5 $19 9. Bg3 Be6 10. e4 a5 (10... d5 $19 {Hoping for ...d4.} 11. exd5 Nxd5) 11. f4 $17 a4 12. a3 Nd4 13. fxe5 (13. Nge2 $17 {was necessary.}) 13... dxe5 $19 14. Bxe5 Bd6 $4 {Blunder. O-O was best.} (14... O-O 15. Be2 (15. Nf3 Ng4 16. Bxd4 cxd4 17. Nb5 Bc5 18. c4 dxc3 19. Qxc3 Bb6 20. Qe1) 15... Qb6) 15. Bxd4 $6 {Inaccuracy. Bxd6 was best.} (15. Bxd6 Qxd6 16. Be2 (16. Nf3 Ng4 17. Rg1 O-O 18. Be2 Nxe2 19. Nxe2 b5 20. d4 b4)) 15... cxd4 16. Nb5 Be7 $2 {Mistake. Bc5 was best.} (16... Bc5 17. c3 O-O (17... dxc3 18. Nxc3 Bd4 19. Nf3 O-O 20. Be2 Ng4 21. Nxd4 Qxd4 22. Rc1)) 17. Nf3 $18 b6 $2 {Mistake. Bc5 was best.} (17... Bc5 18. c3 dxc3 19. Nxc3 O-O 20. d4 Bb6 21. d5 Bd7 22. e5 Ng4 23. Bd3) 18. Nfxd4 (18. Nbxd4 Bd7 19. Ne5 O-O $18) 18... Bd7 19. c4 O-O 20. Be2 Ng4 21. Rdf1 {Against Nf2} Ne5 22. g4 Bc5 $6 {Inaccuracy. Bxb5 was best.} (22... Bxh4 23. Qf4 Re8 24. Rxh4 (24. Nd6 Bg5 $16) 24... Qxh4) (22... Bxb5 23. Nxb5 Nxc4 24. Qf4 g5 25. Qc1 Nd6 26. Nd4 Rc8 27. Qe3 Qd7 28. e5) 23. Qc3 Nc6 24. Nf5 Bxf5 25. gxf5 $6 {Inaccuracy. Rxf5 was best.} (25. Rxf5 Nd4 26. Nxd4 (26. Rd5 Nxb5 27. cxb5 Qe7 28. g5 Be3 29. gxh6 Bxh6 30. e5 Rac8) 26... Qxd4 27. Qc2) 25... Nd4 26. Bd1 (26. Qd2 $18) 26... Nxb5 $16 27. cxb5 $40 {White has strong attack.} Qd7 (27... Bd4 $16 28. Qb4 Bf6) 28. f6 g6 $6 {Inaccuracy. Rfd8 was best.} (28... Rfd8 29. Be2 (29. fxg7 Qxd3+ 30. Qxd3 Rxd3 $16) (29. Rf3 Bd4 30. Qd2 Bxf6 31. Rxf6 gxf6 32. Qxh6 Qd4 33. Ka2 f5 34. Rh3) 29... g6) 29. h5 g5 {[#]} 30. Rf5 $1 {aiming for Qd2.} Rfc8 $2 {Mistake. Rfd8 was best.} (30... Rfd8 31. Be2 (31. Rd5 Qc7 32. Re1 Qf4 33. Ka2 Qf2 34. Rf5 Qd4 35. Bc2 Qd6 36. Rd5) 31... Qxb5) 31. Qd2 $18 Qc6 $4 {Blunder. Kf8 was best.} (31... Qd4 32. Bf3 Ra5) (31... Kf8 32. Rd5 Qe6 33. Rf1 Rd8 34. Rff5 Rxd5 35. Rxd5 Qxf6 36. d4 Bd6 37. e5) 32. Bg4 $4 {Blunder. Rxg5+ was best.} (32. Rxg5+ Kf8 (32... hxg5 33. Qxg5+ Kf8 34. bxc6 Rxc6 35. h6 Be7 36. fxe7+ Ke8 37. h7 Kd7) 33. bxc6 Rxc6 {[#]} 34. Rxc5 $1 Rxf6 35. Rc7 Re8 36. Rg1 Ree6 37. Qc3) 32... Bd4 $4 {Blunder. Qd6 was best.} (32... Qd6 33. Rc1 (33. Rd5 Qxf6 34. Bxc8 Rxc8 35. Rc1 Qf3 36. Qc2 Re8 37. Qd1 Qh3 38. Ka2) 33... Qf8) 33. Rxg5+ Kf8 34. Rf5 $6 {Inaccuracy. bxc6 was best.} (34. bxc6 Bxf6 35. Qb4+ Be7 36. Qc3 Bxg5 37. Bxc8 Kg8 38. Bf5 b5 39. c7 Be3) 34... Ke8 $6 {Inaccuracy. Qd6 was best.} (34... Qd6 35. Qxh6+ Ke8 36. Rd5 Qxf6 37. Qxf6 Bxf6 38. e5 Bh8 39. Bxc8 Rxc8 40. h6) 35. Qxh6 $4 {Checkmate is now unavoidable. bxc6 was best.} (35. bxc6 Bc5 (35... Rcb8 36. c7 Rc8 37. Rd5 Bxf6 38. Bxc8 Rxc8 39. Qh2 Bh8 40. Rg1 f5) 36. Qxh6 Kd8 37. Qg7 Kc7 38. Qxf7+ Kxc6 39. d4 Bxd4 40. Rc1+ Bc5 41. Qe7) 35... Qc2+ {Weighted Error Value: White=0.71/Black=0.86 PRECISÃO: BRANCAS 53% PRETAS 79%} 0-1

[Event "II TORNEIO INTERNO CXG 2026"]
[Site "Av. Churchill, 109 sl 101 - C"]
[Date "2026.05.07"]
[Round "4.6"]
[White "Carlos Alberto, Braga Mendes"]
[Black "Carlos Alberto, de Carvalho"]
[Result "1/2-1/2"]
[WhiteElo "1788"]
[BlackElo "1941"]
[Annotator "Chessbase-Stockfish 18"]
[PlyCount "28"]
[EventDate "2026.??.??"]

{[%evp 0,28,25,11,42,37,37,32,56,56,111,59,81,44,32,44,78,78,100,50,69,47,57,8,32,9,47,34,37,37,27]} 1. e4 Nc6 2. d4 d5 3. Nc3 Nf6 $6 {Inaccuracy. dxe4 was best.} (3... dxe4 4. d5 Nb8 5. Nxe4 c6 6. Bc4 cxd5 7. Qxd5 Qxd5 8. Bxd5) 4. e5 Ng8 5. Bg5 (5. Nce2 e6 6. f4 b6 7. Ng3 g6 8. c3 Qd7 9. Nf3 Bb7 10. Bd3 Nge7 11. Be3 Nf5 12. Bf2 Nxg3 13. hxg3 Be7 14. g4 O-O-O {1-0 (14) Sokolov,A (2560)-Okhotnik,V (2510) Bethune 2000}) 5... Bf5 (5... h6 {5...f5} 6. Bh4 Bf5 7. f3 (7. g4 $1 $16 {[%cal Rg4f5]} Be6 8. Bg2) 7... Qd7 8. g4 Bh7 9. Bd3 (9. Bg3) 9... e6 (9... Bxd3 $15 10. Qxd3 h5) 10. Bxh7 Rxh7 11. Qd3 g6 12. Qb5 $2 (12. O-O-O) 12... Nd8 $2 (12... Nxd4 $17 13. Qxb7 Qc6 14. Qxc6+ Nxc6) 13. Qxd7+ (13. Qd3) 13... Kxd7 14. Nge2 h5 {And now ...hxg4 would win.} 15. Bf2 {[#]} (15. g5 $15 {is more appropriate.}) 15... Nc6 (15... hxg4 $1 $17 16. fxg4 Nc6) 16. g5 $1 $15 Nge7 17. h4 Nf5 18. Nd1 Nce7 (18... Rh8 $15 {is superior.}) 19. Ne3 Rh8 20. f4 {Kurilin,A (2335)-Dobrenko,A (2202) Rilsk 2017 1-0 (55)}) 6. f4 $146 (6. Nf3 {6.g4} Qd7 7. Bd3 {Hoping for Bxf5.} Bxd3 8. Qxd3 O-O-O (8... f6 $14) 9. O-O-O (9. Na4 $16 {aiming for Nc5.} b6 10. a3) 9... f6 10. Bf4 e6 11. Rhe1 (11. h4 $14) 11... g5 12. Bg3 $1 {Threatens to win with exf6.} g4 $1 13. Nd2 f5 (13... fxe5 14. Bxe5 Nxe5 15. Rxe5 Bd6) 14. Kb1 h5 15. a3 h4 16. Bf4 Kb8 17. h3 Bh6 18. Bxh6 Nxh6 19. Ne2 Nf7 20. Nf4 Rdg8 {Gavritenkov,S (2429)-Sosulin,E (2416) Pervomaisky 2016 ½-½ (35)}) 6... Qd7 7. Nf3 f6 8. Bh4 {White is slightly better.} O-O-O (8... e6 $14) 9. Bb5 $16 a6 {[#]} 10. Bd3 $6 {Inaccuracy. Ba4 was best.} (10. Ba4 e6 11. O-O Bg4 12. h3 Bxf3 13. Rxf3 Nh6 14. exf6 Nf5 15. fxg7 Bxg7) 10... Nh6 11. Qe2 $6 {Inaccuracy. O-O was best.} (11. h3 $14) (11. O-O Rg8) 11... Nb4 $6 {Inaccuracy. Bg4 was best.} (11... Bg4 12. O-O-O) 12. Bxf5 Nxf5 $6 {Inaccuracy. Qxf5 was best.} (12... Qxf5 13. O-O-O Qxf4+ 14. Kb1 Kb8) 13. Bf2 {Black must now prevent a3.} h5 14. a3 Nc6 {Weighted Error Value: White=0.36/Black=0.34 PRECISÃO: BRANCAS 86% PRETAS 84%} 1/2-1/2

[Event "II TORNEIO INTERNO CXG 2026"]
[Site "Av. Churchill, 109 sl 101 - C"]
[Date "2026.05.07"]
[Round "4.7"]
[White "Ruben, Barat"]
[Black "Rocine Castelo, de Carvalho"]
[Result "0-1"]
[WhiteElo "1800"]
[BlackElo "1644"]
[Annotator "Chessbase-Stockfish 18"]
[PlyCount "56"]
[EventDate "2026.??.??"]

{[%evp 0,56,20,11,11,11,17,7,7,7,42,7,26,4,8,19,42,42,96,73,117,-22,-15,-45,-47,-155,-197,-1061,-1078,-1078,-1078,-1094,-1059,-1074,-1095,-1134,-1030,-1135,-1146,-1840,-1867,-29991,-29992,-29993,-1561,-1561,-1189,-1207,-1095,-29995,-29992,-29993,-29994,-29995,-29996,-29997,-29998,-29999,-30000]} 1. e4 e5 2. Nf3 Nc6 3. Bc4 Nf6 4. Nc3 Bb4 5. O-O O-O 6. d3 Bxc3 7. bxc3 Na5 $6 {Inaccuracy. d5 was best.} (7... h6 8. Re1 (8. h3 d6 9. Re1 Na5 10. Bb5 a6 11. Ba4 b5 12. Bb3 Re8 13. Nd2 c5 14. c4 Be6 15. cxb5 axb5 16. c4 bxc4 17. Nxc4 Bxc4 18. Bxc4 Nxc4 19. dxc4 Qa5 20. Be3 Qa6 21. Qd3 Qc6 22. f3 {Willow,J (2480)-Kaasen,T (2471) Upplands Vasby SWE 2026 ½-½ (34)}) 8... d6 9. h3 Be6 10. Bb3 Ne7 11. d4 Ng6 12. dxe5 dxe5 13. Bxe6 Qxd1 14. Rxd1 fxe6 15. Re1 Rfd8 16. c4 Rd6 17. Bb2 Rc6 18. Nxe5 Nxe5 19. Bxe5 Nd7 20. Bc3 Rxc4 21. Re3 Nc5 22. Rd1 {Aronian,L (2723)-Murzin,V (2627) Samarkand UZB 2023 0-1 (64)}) (7... d5 8. exd5 Nxd5 9. Bd2 Bg4 10. h3 Bh5 11. Re1 Re8 12. Bb3) 8. Nxe5 Nxc4 9. Nxc4 {aiming for Ne3.} (9. dxc4 Re8 10. Nd3 Nxe4 $15) 9... d6 $2 {Mistake. d5 was best.} (9... d5 10. exd5 Nxd5 11. Bb2 Qf6 12. Ne3 Nf4 13. Kh1 Bd7 14. Qf3 Bc6 15. Qg3) 10. d4 $4 $146 {Blunder. Ne3 was best.} (10. Bg5 h6 {[#]} 11. Bxf6 (11. Bh4 $1 $18) 11... Qxf6 $16 12. e5 (12. Qe1 $16) 12... dxe5 {[%cal Be5e4]} 13. Re1 Re8 14. d4 {[%cal Rc4e5]} Qg5 (14... e4 $15) 15. dxe5 (15. Nxe5 $14 Be6 16. Qd3) 15... Bg4 (15... Be6 $15 16. Nb2 Bg4) 16. f3 (16. Qc1 {feels stronger.}) 16... Be6 $15 17. Qe2 (17. Nb2 $1 $15) 17... Bxc4 (17... Rad8 $17 {Strongly threatening ...Bxc4.} 18. Rad1 Rxd1 19. Rxd1 b6) 18. Qxc4 Rad8 (18... Rxe5 $5 {[%cal Re5c5]} 19. Qxc7 Rae8 20. Rxe5 Rxe5) 19. Qg4 (19. f4 {remains equal.} Qg4 20. Re2) 19... Qd2 (19... Rxe5 $17 20. Qxg5 Rxg5) 20. Red1 $2 {[#]} (20. Qc4 $15) 20... Qe3+ $1 $19 21. Kf1 Rxd1+ 22. Rxd1 Rxe5 (22... Qxe5 $19 {(  ...Qe2+)} 23. Qd7 Kf8) 23. Qg3 $2 (23. Qc4 $17) 23... Re6 $2 (23... Qe2+ {mates} 24. Kg1 Qxd1+ 25. Kf2 Re2#) 24. Re1 Qb6 $2 {Perrusset,B-Assad,K Rochefort 1998 ½-½ (36)} (24... Qxc3 $19 25. Rxe6 fxe6)) (10. Ne3 c6 11. a4 Re8 12. f4 a5 13. Qf3 Rb8 14. f5 b5 15. Qg3 Rb7) 10... Nxe4 $15 {[%cal Bf6e4,Be4g3,Bg3e2,Be2f4]} 11. Qe2 (11. Qf3 $15) 11... Re8 {[%cal Be4g3] And now ...Ng3! would win. Black is better.} 12. Bb2 $4 {Blunder. Qd3 was best.} (12. Qd3 Bf5 13. Ne3 Bg6 14. Qc4 c6 15. Qb3 d5 16. a4 h5 17. c4 dxc4) 12... Ng3 $19 13. Ne3 $4 {Blunder. Qf3 was best.} (13. Qd3 Nxf1 14. Rxf1) (13. Qf3 Nxf1 14. Rxf1 Rb8 15. Ne3 b5 16. c4 bxc4 17. Bc3 h6 18. d5 Qh4) 13... Nxe2+ 14. Kh1 Qg5 {[%cal Bc8h3]} 15. Rae1 Nf4 {[%cal Be8e3]} 16. g3 Nh3 {[%cal Bh3f2]} 17. f4 Qh5 18. d5 Bg4 19. Kg2 $2 {Checkmate is now unavoidable. Ng2 was best. [#]} (19. Ng2 Bf3 20. Ba3 Bxg2+ 21. Kxg2 Re2+ 22. Rxe2 Qxe2+ 23. Kxh3 Qxf1+ 24. Kh4 Re8) 19... Rxe3 $1 20. Rxe3 (20. c4 Bf3+) 20... Qxd5+ 21. Ref3 Bxf3+ 22. Rxf3 Qh5 $2 {Lost forced checkmate sequence. Re8 was best.} (22... Re8 23. Kxh3 Qxf3 (23... Re2 24. Rf2 Rxf2 25. Kg4 Rxh2 26. f5 Qe4+ 27. Kg5 f6#) 24. Kh4 Re2 25. g4 Rxh2+ 26. Kg5 h6+ 27. Kf5 Qd5#) 23. Bc1 Re8 24. Rd3 $2 {Checkmate is now unavoidable. Be3 was best.} (24. Be3 f6 25. a4 Kf8 26. c4 Nxf4+ 27. Bxf4 Re2+ 28. Rf2 Rxf2+ 29. Kxf2 Qxh2+) 24... Qe2+ {Black mates.} 25. Kxh3 Qh5+ 26. Kg2 Re2+ 27. Kf1 Qxh2 {[%csl Ge2][%cal Rh2f2]} 28. Rd2 Qf2# {Weighted Error Value: White=1.92/Black=0.35 PRECISÃO: BRANCAS 78% PRETAS 95%} 0-1